Comparison of chinese kale (Brassica oleracea alboglabra) varieties in sandy loam soil at royal university of agriculture; ការប្រៀបធៀបពូជខាត់ណាដើមលើដីល្បាយខ្សាច់ក្នុងសាកលវិទ្យាល័យភូមិន្ទកសិកម្ម (Record no. 10728)

000 -LEADER
fixed length control field 00641nam a22001337a 4500
040 ## - CATALOGING SOURCE
Transcribing agency RUA
082 ## - DEWEY DECIMAL CLASSIFICATION NUMBER
Classification number AGR SOU 2015 B520 Or.1
100 ## - MAIN ENTRY--AUTHOR NAME
Personal name SOUN SOPHUN; សួន សុភុន
245 ## - TITLE STATEMENT
Title Comparison of chinese kale (Brassica oleracea alboglabra) varieties in sandy loam soil at royal university of agriculture; ការប្រៀបធៀបពូជខាត់ណាដើមលើដីល្បាយខ្សាច់ក្នុងសាកលវិទ្យាល័យភូមិន្ទកសិកម្ម
260 ## - PUBLICATION, DISTRIBUTION, ETC. (IMPRINT)
Place of publication Phnom Penh
Name of publisher SOU
Year of publication 2015
300 ## - PHYSICAL DESCRIPTION
Number of Pages x;46p.
Other physical details ill.
Dimensions 29cm.
856 ## - ELECTRONIC LOCATION AND ACCESS
Uniform Resource Identifier SOUN SOPHUN
942 ## - ADDED ENTRY ELEMENTS (KOHA)
Koha item type AGR
952 ## - LOCATION AND ITEM INFORMATION (KOHA)
Withdrawn status [LOCAL, KOHA] 0
952 ## - LOCATION AND ITEM INFORMATION (KOHA)
Withdrawn status [LOCAL, KOHA] 0
952 ## - LOCATION AND ITEM INFORMATION (KOHA)
Withdrawn status [LOCAL, KOHA] 0
952 ## - LOCATION AND ITEM INFORMATION (KOHA)
Withdrawn status [LOCAL, KOHA] 0
952 ## - LOCATION AND ITEM INFORMATION (KOHA)
Withdrawn status [LOCAL, KOHA] 0
952 ## - LOCATION AND ITEM INFORMATION (KOHA)
Withdrawn status [LOCAL, KOHA] 0
952 ## - LOCATION AND ITEM INFORMATION (KOHA)
Withdrawn status [LOCAL, KOHA] 0
Holdings
Permanent Location Date acquired Koha item type Lost status Shelving location Barcode Current Location Full call number
Library Block B2016-11-04AGR B520A00414Library Block BAGR SOU 2015 B520 Or.1
Library Block B2016-11-04AGR B520A02496Library Block BAGR SOU 2015 B520 Or.2
Library Block B2016-11-04AGR B520A02381Library Block BAGR SOU 2015 B520 Or.3
Library Block B2016-11-04AGR B520A00232Library Block BAGR SOU 2015 B520 Or.4
Library Block B2016-11-04AGR B520A02796Library Block BAGR SOU 2015 B520 Or.5
Library Block B2016-11-04AGR B520RUA060944Library Block BAGR SOU 2015 B520 Or.6
Library Block B2016-11-04AGR B520A01885Library Block BAGR SOU 2015 B520 Or.7
មជ្ឈមណ្ឌលឯការនៃសាកលវិទ្យាល័យភូមិន្ទកសិកម្មចំការដូង

Powered by Koha